LEADER 01097nam0 2200313 450 001 000010014 005 20220311120404.0 100 $a20080417d1984----km-y0itay50------ba 101 0 $aita 102 $aIT 105 $ay-------001-y 200 1 $aT. S. Eliot$ePrefigurazioni$fRenato Lo Schiavo 210 $aNapoli$cIstituto di lingue dell'Istituto universitario navale$d1984 215 $a32 p.$d24 cm 225 2 $aQuaderni dell'Istituto di lingue, Facoltà di economia marittima, Istituto universitario navale 410 0$12001$aQuaderni dell'Istituto di lingue, Facoltà di economia marittima, Istituto universitario navale 610 1 $aEliot, T. S. 676 $a821.912$v11$9Poesia inglese. 1900-1945 676 $a821$v20 700 1$aLo Schiavo,$bRenato$0172242 801 0$aIT$bUNIPARTHENOPE$c20080417$gRICA$2UNIMARC 912 $a000010014 951 $a821/100$b25578$cNAVA4 951 $a821/101$b25579$cNAVA4 951 $a821/102$b25580$cNAVA4 951 $a821/103$b25965$cNAVA4 951 $a821/104$b25581$cNAVA4 996 $aT. S. Eliot$91205066 997 $aUNIPARTHENOPE